000 00412nam a2200157Ia 4500
008 260417s2024 xx 000 0 und d
041 _aeng
082 _a612/BHI
_bDI-1037
100 _aDR. S.B. BHISE
245 _aHUMAN ANATOMY AND PHYSIOLOGY
250 _a5TH ed
260 _aPUNE
_b2024
_bNIRALI PRAKASHAN
300 _aP.B/15.20p
650 _aHUMAN ANATOMY AND PHYSIOLOGY
700 _aR. A.V . YADAV
999 _c1220348
_d1220348